Flora de la provincia de Jujuy : República Argentina /

Guardado en:
Autor Corporativo: Instituto Nacional de Tecnología Agropecuaria (Argentina)
Otros Autores: Cabrera, Angel L. 1908-1999., Bravo, Lilia., Bacigalupo, Nélida M., Sota, Elías R. de la.
Formato: Libro
Idioma:Spanish
Publicado: Buenos Aires : Instituto Nacional de Tecnología Agropecuaria, 1977-
Series:Colección científica del INTA ; t. 13
Materias:
Etiquetas: Agregar Etiqueta
Sin Etiquetas, Sea el primero en etiquetar este registro!
LEADER 01660cam a2200337 a 4500
001 EEA.libagro009104
005 20190607112043.0
008 960222m19779999ag#a##########000#0#spa##
010 |a  96117735  
040 |a DLC  |c DLC  |d DLC 
043 |a s-ag--- 
050 0 0 |a QK261  |b .F55 1993 
082 0 0 |a 581.982/41  |2 20 
245 0 0 |a Flora de la provincia de Jujuy : República Argentina /  |c dirigida por Angel L. Cabrera. 
260 |a Buenos Aires :  |b Instituto Nacional de Tecnología Agropecuaria,  |c 1977- 
300 |a 4 v. :  |b il. ;  |c 28 cm. 
490 1 |a Colección científica del INTA ;  |v t. 13 
500 |a T. XIII, parte II: Pteridophyta / por Elias R. de la Sota. 1977. 266 p. 
500 |a T. XIII, parte VIII: Clethráceas a Solanáceas / por Lilia Bravo, Angel L. Cabrera (et al.). 1983. 508 p. 
500 |a T. XIII, parte IX: Verbenáceas a Caliceráceas / por Nélida M. Bacigalupo (et al.). 1993. 560 p. 
500 |a T. XIII, parte X: Compositae / por Angel L. Cabrera. 1978. 726 p. 
590 |a La biblioteca posee: T. XIII, parte II; T. XIII, parte VIII; T. XIII, parte X 
650 0 |a Plantas  |z Jujuy (Argentina : Provincia) 
700 1 |a Cabrera, Angel L.  |q (Ángel Lulio),  |d 1908-1999. 
700 1 |a Bravo, Lilia. 
700 1 |a Bacigalupo, Nélida M. 
700 1 |a Sota, Elías R. de la. 
710 2 |a Instituto Nacional de Tecnología Agropecuaria (Argentina) 
859 |a AR-BbBCA  |b BIB. AGRONOMIA  |h 581.98241  |i C117  |p C1983/0137  |v t.13-10  |3 Tomo 13 Parte 10 
859 |a AR-BbBCA  |b BIB. AGRONOMIA  |h 581.98241  |i C117  |p C1983/0136  |v t.13-2  |3 Tomo 13 Parte 2 
859 |a AR-BbBCA  |b BIB. AGRONOMIA  |h 581.98241  |i C117  |p 1984/0144  |v t.13-8  |3 Tomo 13 Parte 8